Schuldeneintreibung in der Tschechischen Republik = Debt recovery and enforcement thereof in the Czech Republic = Vymáhání dluhů v České republice /

Hlavní autor: Schelle, Karel, 1952-2026
Další autoři: Schelleová, Ilona, 1954-
Jazyk: Němčina
Čeština
Angličtina
Vydáno: München : GRIN, 2009
Vydání: 1. Aufl.
Témata:
Fyzický popis: 94 s. ; 21 cm
Language note: Český text, část. souběžný německý a anglický text, německé a anglické resumé
Knihy
Uloženo v:
LEADER 01669nam a2200409 a 4500
001 001126047
003 CZ BrMZK
005 20101206114318.0
007 ta
008 100909s2009 gw f 000 0 cze
020 |a 978-3-640-48671-7  |q (brož.) 
040 |a BOA001  |b cze 
041 1 |a cze  |a eng  |a ger  |b eng  |b ger  |h cze 
043 |a e-xr--- 
072 7 |a 347.9  |x Občanské soudní řízení. Soudnictví  |2 Konspekt  |9 16 
080 |a 347.919.3  |2 MRF 
080 |a (437.3)  |2 MRF 
080 |a (048.8)  |2 MRF 
100 1 |a Schelle, Karel,  |d 1952-2026  |7 jn99240001045  |4 aut 
245 1 0 |a Schuldeneintreibung in der Tschechischen Republik =  |b Debt recovery and enforcement thereof in the Czech Republic = Vymáhání dluhů v České republice /  |c Karel Schele, Ilona Schelleová 
246 3 |a Schuldeintreibung in der Tschechischen Republik 
246 3 1 |a Debt recovery and enforcement thereof in the Czech Republic 
246 3 1 |a Vymáhání dluhů v České republice 
250 |a 1. Aufl. 
260 |a München :  |b GRIN,  |c 2009 
300 |a 94 s. ;  |c 21 cm 
500 |a Souběžná německá, anglická a česká tit. s. 
500 |a Přehled souvisejících zákonů 
504 |a Obsahuje bibliografii 
546 |a Český text, část. souběžný německý a anglický text, německé a anglické resumé 
650 0 7 |a vymáhání pohledávek  |7 ph145199  |z Česko  |2 czenas 
655 7 |a monografie  |7 fd132842  |2 czenas 
700 1 |a Schelleová, Ilona,  |d 1954-  |7 jn99240001046  |4 aut 
910 2 |a BOA001  |b 2-1252.124 
990 |a BK 
991 |b 201012  |c NOV  |e n 
996 7 |b 2610452014  |c 2-1252.124  |l MZK  |r Sklad / do 1 hodiny  |n 3  |p dar  |w 001155151  |u 000010  |a 1  |e BOA001  |j MZK50  |s A